000 005430000a22001810004500
003 MACL
005 20160112172329.0
008 160112b xxu||||| |||| 00| 0 eng d
040 _aMACL
_cMACL
041 _aHindi
082 _a332
100 _aजैन एवं गूप्‍ता
_931568
245 _aबैंक लिपिकीय संवर्ग
260 _aआगरा
_bउपकार प्रकाशन
_c2014
350 _a395
650 _aबैंक परिक्षा
_931569
942 _cHIN
_k332
_2ddc
999 _c49117
_d49117